100 experimentos de ciencias naturales : propuestas para la educación primaria y secundaria /

Guardado en:
Autor Principal: Rela, Agustín
Otros Autores: Sztrajman, Jorge
Formato: Libro
Publicado: Buenos Aires : Aique
Series:Ciencia + docencia
Materias:
Etiquetas: Agregar Etiqueta
Sin Etiquetas, Sea el primero en etiquetar este registro!
LEADER 01030nam a22002415a 4500
001 CEM.cems012667
005 20070806143728.0
008 130507b######################000#0#####d
003 CEMS
020 |a 9870600808 
082 0 4 |a 372.85 
100 1 |a Rela, Agustín 
245 1 0 |a 100 experimentos de ciencias naturales :  |b propuestas para la educación primaria y secundaria /  |c Agustín Rela y Jore Sztrajman 
260 |a Buenos Aires :  |b Aique 
300 |a 128 p. 
490 0 |a Ciencia + docencia 
505 0 |a Mecámica de sólidos -- Ondas -- Hidrostática -- Dinámica de los fluidos -- Termodinámica y calorimetría -- Optica -- Electricidad -- Magnetismo -- Geología -- Gases -- Sol y atmósfera -- Osmosis -- Organismo humano -- Modelos y simulación 
653 |a Física-experimentos 
653 |a Ciencias naturales-experimentos 
653 |a Experimentos-educación primaria 
653 |a Experimentos-educación secundaria 
700 1 |a Sztrajman, Jorge 
859 |a CEMS  |b BIB. CEMS - 11 de abril  |h 372.85  |i R27  |p 23999.07  |t Ej.1